Ελληνισμός και Ανατολή

Αποθηκεύτηκε σε:
Λεπτομέρειες βιβλιογραφικής εγγραφής
Άλλοι συγγραφείς: Γιούργος, Κωστής (Επιμελητής έκδοσης), Δρακόπουλος, Χάρης (Επιμελητής έκδοσης)
Μορφή: Βιβλίο
Γλώσσα:Greek
Δημοσίευση: Αθήνα : Η Καθημερινή, c1997.
Σειρά:Επτά ημέρες (Η Καθημερινή)
Θέματα:
Ετικέτες: Προσθήκη ετικέτας
Δεν υπάρχουν, Καταχωρήστε ετικέτα πρώτοι!

MARC

LEADER 00000cam a2200000 a 4500
001 1/124583
008 220328s1997####gr | ||| |||| ||gre||
040 |a GR-MyUa  |b gre  |c GR-MyUa  |e AACR2 
041 0 |a gre 
082 7 |a 938.99   |2 (23) 
245 0 0 |a Ελληνισμός και Ανατολή /   |c επιμέλεια έκδοσης: Κωστής Γιούργος, Χάρης Δρακόπουλος ; σύνταξη: Ελευθερία τΡΆΙΟΥ. 
260 |a Αθήνα :   |b Η Καθημερινή,   |c c1997. 
300 |a 188 σ. ;   |b εικ. ;   |c 30 εκ. 
490 1 |a (Επτά ημέρες / Η Καθημερινή ;   |v ΙΘ') 
505 8 |a Αρμενία -- Τουρκμενία -- Βακτριανή -- Ίνδία. 
651 0 |a Asia  |x Civilization  |x Greek influences. 
700 1 |a Γιούργος, Κωστής,  |e edt 
700 1 |a Δρακόπουλος, Χάρης,  |e edt 
830 0 |a Επτά ημέρες (Η Καθημερινή) 
970 |a Κοντού  |b Παρασκευή  |z 28/03/2022